MARC

LEADER 00000nam0a2200000 4500
001 331429
005 20231102004345.0
035 |a (RuTPU)RU\TPU\book\357256 
090 |a 331429 
100 |a 20170424d1962 km y0rusy50 ca 
101 0 |a rus 
102 |a RU 
105 |a a z 001zy 
200 1 |a Вращательно-ударное бурение шпуров и скважин  |f И. Ф. Медведев, А. И. Пуляев 
210 |a Москва  |c Госгортехиздат  |d 1962 
215 |a 208 с.  |c ил. 
320 |a Библиогр.: с. 205-206 
606 1 |a Бурение шпуров вращательно-ударное  |2 stltpush  |3 (RuTPU)RU\TPU\subj\30415  |9 53526 
610 1 |a скважины 
610 1 |a разрушение пород 
610 1 |a машины 
610 1 |a испытания 
610 1 |a применение 
610 1 |a эксперименты 
610 1 |a исследования 
610 1 |a горные породы 
610 1 |a лабораторные условия 
610 1 |a параметры 
675 |a 622.233.6  |v 4 
700 1 |a Медведев  |b И. Ф.  |g Иннокентий Федорович 
701 1 |a Пуляев  |b А. И.  |g Александр Иванович 
801 1 |a RU  |b 63413507  |c 20170424 
801 2 |a RU  |b 63413507  |c 20200827  |g RCR 
942 |c BK